000 00597nam a2200181 i 4500
001 104546
003 ES-MaACL
005 20250901105256.0
007 t|
008 171201s1903 sp ||||1| spa d
245 0 3 _aLa enseñanza mercantil en el extranjero.
260 _aMadrid :
_b[s.n.],
_c1903 (
_fImp. Sucesora de M. Minuesa de los Rios)
300 _a273 p. ;
_c22 cm.
594 _aPrecede al título: Ministerio de Estado, Centro de Información Comercial.
650 7 _aComercio-
_xEstudio y enseñanza
_2
_9163957
852 _aES-MaACL
_jF-1853
999 _c104546
_d104546